000 00284nam a22001217a 4500
008 180130b xxu||||| |||| 00| 0 eng d
041 _aeng
080 _a030
100 _a23
101 _aenc
245 _athe encyclopedia of relegions quotations
_cfrank.s.m
942 _2udc
_cBK
999 _c41305
_d41305